|
|
|
|
| LEADER |
01294nam a2200277 a 4500 |
| 001 |
6097084 |
| 003 |
BD-DhAAL |
| 005 |
20230525144302.0 |
| 008 |
100705r19781961it 000 0 eng d |
| 010 |
|
|
|a 62005398
|
| 020 |
|
|
|a 9251004757
|
| 040 |
|
|
|a DLC
|c CarP
|d DLC
|d BD-DhAAL
|
| 082 |
0 |
0 |
|a 631.531
|2 18
|
| 110 |
2 |
|
|a Food and Agriculture Organization of the United Nations.
|b Plant Production and Protection Division.
|9 54381
|
| 245 |
1 |
0 |
|a Agricultural and horticultural seeds :
|b their production,control and distribution.
|
| 260 |
|
|
|a Rome,
|b Food and Agriculture Organization of the United Nations,
|c 1961.[Reprinted 1978]
|
| 300 |
|
|
|a viii, 531 p. :
|b ill. ;
|c 23 cm.
|
| 504 |
|
|
|a Includes bibliographical references and index.
|
| 541 |
1 |
|
|e 00000394
|
| 650 |
|
0 |
|a Seeds.
|9 54382
|
| 650 |
|
0 |
|a Seed industry and trade. [from old catalog]
|9 54383
|
| 810 |
2 |
|
|a Food and Agriculture Organization of the United Nations.
|t FAO agricultural studies,
|v no. 55. [from old catalog]
|9 54384
|
| 852 |
4 |
|
|a Ayesha Abed Library
|j General shelf
|
| 942 |
|
|
|2 ddc
|c BK
|
| 999 |
|
|
|c 9177
|d 9177
|
| 952 |
|
|
|0 0
|1 0
|2 ddc
|4 0
|6 631_531000000000000_AGR_1978
|7 0
|9 11554
|a BRACUL
|b BRACUL
|c GEN
|d 2010-07-05
|g 0.00
|l 1
|o 631.531 AGR
|p 3010000394
|r 2011-06-07
|s 2011-05-19
|t 1
|w 2010-07-05
|y BK
|z Not price in Register
|x Not price in Register
|